Giáo trình tin học. T1

Na minha lista:
Detalhes bibliográficos
Autor principal: Hồ, Sỹ Đàm
Formato: Livro
Idioma:Undetermined
Publicado em: Hà Nội Đại học Quốc gia 2003
Assuntos:
Tags: Adicionar Tag
Sem tags, seja o primeiro a adicionar uma tag!
Thư viện lưu trữ: Trung tâm Học liệu Trường Đại học Cần Thơ
LEADER 00623nam a2200193Ia 4500
001 CTU_91750
008 210402s9999 xx 000 0 und d
020 |c 17600 
082 |a 004.07 
082 |b Đ104 
100 |a Hồ, Sỹ Đàm 
245 0 |a Giáo trình tin học. T1 
245 0 |c Hồ Sỹ Đàm, Lê Khắc Thành 
260 |a Hà Nội 
260 |b Đại học Quốc gia 
260 |c 2003 
650 |a computer science,Electronic data processing,informatics,Programming languages ( electronic computers ) 
904 |i Năm 
980 |a Trung tâm Học liệu Trường Đại học Cần Thơ